[Event "Indywidualne Mistrzostwa Polski Juniorek - D16"]
[Site "Szczyrk"]
[Date "2013-03-24"]
[Round "8.15"]
[White "Rylska, Kamila"]
[Black "Ostrowska, Joanna"]
[Result "1-0"]
[WhiteTitle "II"]
[BlackTitle "II+"]
[WhiteElo "1348"]
[BlackElo "1541"]

1. e4 e5 2. Nf3 Nc6 3. Bc4 Be7 4. O-O Nf6 5. Re1 Nxe4 6. Rxe4 d5 7. Re1 e4 8. Bb5
exf3 9. Qxf3 O-O 10. c3 Be6 11. d4 Nb8 12. Nd2 c6 13. Bd3 Nd7 14. Nb3 Nf6 15.
Qg3 Bd6 16. Qh4 h6 17. Bd2 Be7 18. Qg3 Bd6 19. Qh4 Bc8 20. f3 Be7 21. Bxh6 Ng4
22. Bg5 Nh6 23. Bxe7 Qc7 24. Bxf8 Kxf8 25. g4 f6 26. g5 fxg5 27. Qxg5 Bh3 28.
Nc5 Nf7 29. Qh5 Qc8 30. Bg6 Nd6 31. Qh8# 1-0

[Event "Indywidualne Mistrzostwa Polski Juniorek - D16"]
[Site "Szczyrk"]
[Date "2013-03-24"]
[Round "8.16"]
[White "Rynkiewicz, Natalia"]
[Black "Rolka, Anna"]
[Result "1/2-1/2"]
[WhiteTitle "II"]
[BlackTitle "II"]
[WhiteElo "1357"]
[BlackElo "1491"]

1. e4 c5 2. Nf3 e6 3. d4 cxd4 4. Nxd4 Nf6 5. Nc3 d6 6. Be3 a6 7. Be2 Be7 8. O-O
O-O 9. Qd2 Nbd7 10. f4 Qc7 11. Rad1 b5 12. Bf3 Bb7 13. Nb3 Rfd8 14. a3 Nc5 15.
Nxc5 dxc5 16. Qf2 Rxd1 17. Rxd1 b4 18. e5 bxc3 19. exf6 Bxf6 20. b3 Bxf3 21. Qxf3
Rc8 22. Qe4 h6 23. Kf2 Rb8 24. Qc4 Rb5 25. a4 Rb4 26. Qxc5 Rxf4+ 27. Ke2 Qxc5
28. Bxc5 Rf5 29. Bd4 Bxd4 30. Rxd4 Rc5 31. b4 Rc6 32. Kd3 Kf8 33. Rc4 Rxc4 34.
Kxc4 Ke7 35. Kxc3 Kd6 36. Kd4 g6 37. c4 e5+ 38. Ke3 f5 39. a5 Kc6 40. h4 g5 41.
h5 Kb7 42. b5 axb5 43. cxb5 Ka7 44. g3 f4+ 45. gxf4 exf4+ 46. Kf3 Kb7 47. Kg4
Ka7 48. Kf3 Kb7 1/2-1/2

[Event "Indywidualne Mistrzostwa Polski Juniorek - D16"]
[Site "Szczyrk"]
[Date "2013-03-24"]
[Round "8.17"]
[White "Leszczewska, Edyta"]
[Black "Prokopowicz, Anna"]
[Result "0-1"]
[WhiteTitle "II"]
[BlackTitle "I"]
[WhiteElo "1389"]
[BlackElo "1347"]

1. e4 c5 2. Nc3 e6 3. f4 a6 4. Nf3 Nc6 5. Be2 d5 6. exd5 exd5 7. O-O Nge7 8. a3
g6 9. Qe1 Bg7 10. d3 b5 11. Bd2 O-O 12. Nh4 Nd4 13. Rc1 Re8 14. Be3 Nec6 15. Qf2
b4 16. axb4 cxb4 17. Nd1 Nxe2+ 18. Qxe2 Qxh4 19. Qf3 Nd4 20. Qf2 Qxf2+ 21. Rxf2
Bg4 22. Bd2 Ne2+ 23. Rxe2 Rxe2 0-1

[Event "Indywidualne Mistrzostwa Polski Juniorek - D16"]
[Site "Szczyrk"]
[Date "2013-03-24"]
[Round "8.18"]
[White "Wicikowska, Agata"]
[Black "Szablicka, Magda"]
[Result "1-0"]
[WhiteTitle "I"]
[BlackTitle "II"]
[WhiteElo "1495"]
[BlackElo "1451"]

1. e4 e5 2. Nf3 Nc6 3. Nc3 Bc5 4. Nxe5 Nxe5 5. d4 Bxd4 6. Qxd4 Nc6 7. Qxg7 Qf6
8. Qg3 Nb4 9. Bd3 Nxd3+ 10. cxd3 c6 11. O-O Ne7 12. Bg5 Qe6 13. Bxe7 Qxe7 14.
f4 b6 15. f5 Ba6 16. Rf3 O-O-O 17. f6 Qb4 18. Qf2 Rdg8 19. Rd1 Rg6 20. Rd2 Rhg8
21. Rg3 Qd6 22. Ne2 Rxg3 23. Nxg3 Rg6 24. Nh5 Rh6 25. g4 Qe6 26. h3 Qxa2 27. Qe3
Rg6 28. e5 h6 29. Ng7 Bb7 30. Kf2 c5 31. Nf5 Ba8 32. Ne7+ Kc7 33. Nxg6 fxg6 34.
Qg3 Kc8 35. Ke2 Qd5 36. h4 c4 37. Rc2 b5 38. b3 Kd8 39. bxc4 bxc4 40. Rxc4 Qb5
41. Qf4 Qb2+ 42. Ke3 Qb1 43. Kd2 Qa2+ 44. Rc2 Qd5 45. Ke3 Qh1 46. f7 Qe1+ 47.
Re2 Qc1+ 48. Rd2 Qe1+ 49. Kd4 Qa1+ 50. Kc5 Qc3+ 51. Qc4 Qa3+ 52. Kd4 Qa1+ 53.
Ke3 Qe1+ 54. Re2 Qg3+ 55. Kd2 Qf3 56. e6 dxe6 57. Rxe6 Qxf7 58. Rd6+ Ke8 59. Qc8+
Ke7 60. Rd7+ Kf6 1-0

[Event "Indywidualne Mistrzostwa Polski Juniorek - D16"]
[Site "Szczyrk"]
[Date "2013-03-24"]
[Round "8.19"]
[White "Fraczek, Weronika"]
[Black "Kotula, Magdalena"]
[Result "1-0"]
[WhiteTitle "II+"]
[BlackTitle "I"]
[WhiteElo "1435"]
[BlackElo "1520"]

1. e4 c5 2. Nc3 Nc6 3. f4 d6 4. Nf3 g6 5. d3 Bg7 6. g3 Rb8 7. Be3 e6 8. Bg2 Nge7
9. O-O O-O 10. Rb1 b5 11. d4 b4 12. Ne2 Qa5 13. Ra1 Ba6 14. Re1 Qb6 15. dxc5 dxc5
16. e5 Nf5 17. Qc1 Rfd8 18. g4 Nxe3 19. Qxe3 Bxe2 20. Rxe2 Nd4 21. Nxd4 Rxd4 22.
g5 Rbd8 23. Kf1 c4 24. Ke1 Qa5 25. Kf2 c3 26. bxc3 bxc3 27. Be4 Rd2 28. Bd3 Bf8
29. Ke1 Bc5 30. Qf3 Qb4 31. Rxd2 cxd2+ 32. Ke2 Bd4 33. Rd1 Bc3 34. h4 Qa4 35.
h5 Qxa2 36. hxg6 hxg6 37. Bxg6 fxg6 38. Qxc3 Qa6+ 39. Kf2 Qb6+ 40. Kg3 Kg7 41.
Rxd2 Rxd2 42. Qxd2 Qg1+ 43. Kf3 Qh1+ 44. Ke3 Qg1+ 45. Kd3 Qf1+ 46. Kc3 Qa1+ 47.
Kb4 Qb1+ 48. Ka4 Qa1+ 49. Kb5 Qb1+ 50. Kc4 Qa2+ 51. Kc5 Qa3+ 52. Qb4 Qe3+ 53.
Kd6 Qg1 54. Qb7+ Kf8 55. Qe7+ Kg8 56. Qxe6+ Kg7 57. Qf6+ Kh7 58. Qf7+ Kh8 59.
Qf8+ Kh7 60. Qh6+ Kg8 61. Qxg6+ Kf8 62. Qf6+ Kg8 63. Qd8+ Kg7 64. Qd7+ Kf8 65.
Qc8+ Kg7 66. Ke7 Qe3 67. Qf8+ Kh7 68. Qh6+ Kg8 69. Qe6+ Kh8 70. f5 Qxg5+ 71. Qf6+
1-0

[Event "Indywidualne Mistrzostwa Polski Juniorek - D16"]
[Site "Szczyrk"]
[Date "2013-03-24"]
[Round "8.20"]
[White "Szczesniak, Zuzanna"]
[Black "Mielczarek, Joanna"]
[Result "0-1"]
[WhiteTitle "II"]
[BlackTitle "I"]
[WhiteElo "1421"]
[BlackElo "1470"]

1. e4 e5 2. Nf3 Nc6 3. Nc3 Nf6 4. d4 exd4 5. Nxd4 Bb4 6. Nxc6 Bxc3+ 7. bxc3 bxc6
8. Bd3 O-O 9. O-O h6 10. Bb2 d6 11. h3 c5 12. c4 Bb7 13. Qf3 Nh7 14. Qg3 Qg5 15.
Qxg5 Nxg5 16. Rfe1 Rab8 17. Bc3 Bc6 18. e5 Ne6 19. exd6 cxd6 20. Be4 Bxe4 21.
Rxe4 Ng5 22. Re2 f6 23. Rae1 Rb7 24. Re7 Rfb8 25. Rxb7 Rxb7 26. f3 Kf7 27. Kf2
Ne6 28. Rd1 Ke7 29. Ke3 Nd8 30. a3 Nc6 31. Kd3 Ne5+ 32. Bxe5 fxe5 33. Rf1 g5 34.
h4 Ke6 35. hxg5 hxg5 36. Ke4 Rb2 37. Kd3 Ra2 38. Rh1 Rxa3+ 39. Ke4 Ra4 40. Rh6+
Ke7 41. Kd5 Ra6 42. Rg6 Ra1 43. Rxg5 Rd1+ 44. Kc6 a5 45. Rg7+ Ke6 46. Ra7 Rd2
47. g4 Rxc2 48. Rxa5 Rxc4 49. g5 Rd4 50. Ra1 Kf5 51. Rg1 Kg6 52. Kb5 Rd3 53. Kc4
Rd4+ 54. Kc3 d5 55. Re1 Kxg5 56. Rxe5+ Kf4 57. Re8 Kxf3 58. Rf8+ Ke3 59. Re8+
Re4 60. Rc8 d4+ 61. Kc2 d3+ 62. Kd1 Rf4 63. Re8+ Re4 64. Rc8 c4 65. Rc7 Kd4 66.
Rd7+ Kc3 67. Rd6 Rg4 68. Ke1 Kc2 0-1

[Event "Indywidualne Mistrzostwa Polski Juniorek - D16"]
[Site "Szczyrk"]
[Date "2013-03-24"]
[Round "8.21"]
[White "Rudol, Matylda"]
[Black "Jasiak, Katarzyna"]
[Result "1-0"]
[WhiteTitle "II+"]
[BlackTitle "II"]
[WhiteElo "1510"]
[BlackElo "1213"]

1. e4 e5 2. Nf3 Nc6 3. d4 exd4 4. Bc4 Bc5 5. c3 d6 6. cxd4 Bb6 7. Nc3 Bg4 8. Be3
Nf6 9. Be2 d5 10. e5 Ne4 11. h3 Bh5 12. a3 O-O 13. O-O Ne7 14. Qc2 Bg6 15. Bd3
Nxc3 16. bxc3 Qd7 17. Nh4 Bxd3 18. Qxd3 Rac8 19. f4 c5 20. f5 c4 21. Qd2 Bc7 22.
f6 gxf6 23. exf6 Ng6 24. Nf5 Qe6 25. Bh6 Qxf6 26. Bxf8 Rxf8 27. Nh6+ Kg7 28. Rxf6
Kh8 29. Raf1 1-0

[Event "Indywidualne Mistrzostwa Polski Juniorek - D16"]
[Site "Szczyrk"]
[Date "2013-03-24"]
[Round "9.1"]
[White "Harazinska, Ewa"]
[Black "Rudnik, Anna"]
[Result "1/2-1/2"]
[WhiteTitle "k"]
[BlackTitle "I"]
[WhiteElo "2019"]
[BlackElo "1593"]

1. Nf3 Nf6 2. c4 e6 3. g3 b6 4. Bg2 Bb7 5. O-O c5 6. Nc3 d5 7. cxd5 Nxd5 8. Nxd5
Bxd5 9. d4 Bb7 10. b3 cxd4 11. Qxd4 Qxd4 12. Nxd4 Bxg2 13. Kxg2 Be7 14. Nb5 Na6
15. Bb2 O-O 16. Rac1 Nc5 17. Rfd1 a6 18. Nd4 Rac8 19. Ba1 a5 20. Nf3 Rfd8 21.
Bd4 f6 22. Bxc5 Bxc5 23. Rxd8+ Rxd8 24. Ne1 Rd2 25. Rc2 Rxc2 26. Nxc2 Kf7 27.
e4 Ke7 28. Kf3 Kd6 29. Ke2 Ke5 30. f3 g5 31. Kd3 h5 32. Ne3 Kd6 33. Nf1 Ke5 34.
Ne3 Kd6 35. Nf1 Ke5 36. Ne3 Kd6 1/2-1/2

[Event "Indywidualne Mistrzostwa Polski Juniorek - D16"]
[Site "Szczyrk"]
[Date "2013-03-24"]
[Round "9.2"]
[White "Murawko, Katarzyna"]
[Black "Kiolbasa, Oliwia"]
[Result "0-1"]
[WhiteTitle "I++"]
[BlackTitle "WFM"]
[WhiteElo "1873"]
[BlackElo "1897"]

1. e4 e5 2. Nf3 Nc6 3. Bb5 a6 4. Ba4 d6 5. c3 f5 6. d3 fxe4 7. dxe4 Nf6 8. Nbd2
Be7 9. b4 Bg4 10. h3 Bxf3 11. Qxf3 O-O 12. Qe2 Kh8 13. O-O Qe8 14. Bd1 Nd8 15.
Nf3 Qg6 16. Re1 Nd7 17. Bb3 c6 18. Nh2 Nf6 19. Bd2 Nh5 20. Qg4 Qe8 21. g3 Nf6
22. Qe2 Qg6 23. Kh1 Nf7 24. Bc2 Nh6 25. Rg1 d5 26. f3 dxe4 27. fxe4 Nh5 28. Be1
c5 29. a3 cxb4 30. axb4 Rac8 31. Ra5 Bd6 32. Qe3 Bc7 33. Rc5 Bb6 34. Rxc8 Rxc8
35. Qf3 Bxg1 36. Kxg1 Nf4 37. h4 Ne6 38. Kh1 Rf8 39. Qe2 Nf7 40. Bb3 Nc7 41. Qf3
Qf6 42. Qe3 Nd6 43. Kg2 Qg6 44. Bc2 Nd5 45. Qd2 Nc4 46. exd5 Qxc2 47. Qxc2 Ne3+
48. Kh3 Nxc2 49. Bd2 Rd8 50. c4 Na3 51. c5 Rxd5 0-1

[Event "Indywidualne Mistrzostwa Polski Juniorek - D16"]
[Site "Szczyrk"]
[Date "2013-03-24"]
[Round "9.3"]
[White "Lascar, Radoslawa"]
[Black "Wozniak, Mariola"]
[Result "0-1"]
[WhiteTitle "I"]
[BlackTitle "WCM"]
[WhiteElo "1728"]
[BlackElo "1982"]

1. e4 c5 2. Nf3 d6 3. d4 cxd4 4. Nxd4 Nf6 5. Nc3 a6 6. Bc4 e6 7. Bb3 b5 8. O-O
Be7 9. Qf3 Qc7 10. Qg3 O-O 11. f3 Nbd7 12. Be3 Nb6 13. Rad1 Bd7 14. Nce2 e5 15.
Nf5 Bxf5 16. exf5 Nc4 17. Bh6 Ne8 18. Nc3 Kh8 19. Bxc4 Qxc4 20. Bg5 Bxg5 21. Qxg5
f6 22. Qd2 Rc8 23. Rf2 Rf7 24. Qd5 Qc7 25. Ne4 Rd7 26. Rfd2 Qb6+ 27. Kf1 Nc7 28.
Qb3 d5 29. Nc3 d4 30. Ne4 Nd5 31. Re1 Rdd8 32. g4 Ne3+ 33. Ke2 Nxc2 34. Rh1 d3+
35. Rxd3 Nd4+ 36. Rxd4 Rxd4 37. h4 Qc6 38. Nc3 b4 39. Na4 Qb5+ 40. Ke3 Rcd8 41.
Kf2 Rd2+ 42. Ke1 0-1

[Event "Indywidualne Mistrzostwa Polski Juniorek - D16"]
[Site "Szczyrk"]
[Date "2013-03-24"]
[Round "9.4"]
[White "Maruszczak, Joanna"]
[Black "Pastuszko, Kinga"]
[Result "1-0"]
[WhiteTitle "I++"]
[BlackTitle "k"]
[WhiteElo "1803"]
[BlackElo "1917"]

1. e4 c5 2. Nf3 d6 3. d4 cxd4 4. Qxd4 Nc6 5. Bb5 Bd7 6. Bxc6 Bxc6 7. Nc3 e5 8.
Qd3 h6 9. Be3 Nf6 10. h3 Be7 11. O-O-O a6 12. Nd2 b5 13. Rhe1 Rc8 14. a3 Qc7 15.
Kb1 O-O 16. Rc1 Rfd8 17. Qe2 d5 18. exd5 Nxd5 19. Nxd5 Bxd5 20. Qg4 Be6 21. Qg3
Kh7 22. Nf3 Bd6 23. Qh4 f6 24. Red1 Bf5 25. Ne1 Qe7 26. Nd3 Rc4 27. Qh5 Bg6 28.
Qe2 Ra4 29. Nc5 Bxc5 30. Bxc5 Qxc5 31. Rxd8 b4 32. Qe3 Qa5 33. Qd2 Qb6 34. Qd5
Bf7 35. Qd3+ g6 36. Rd7 Kg8 37. Rxf7 bxa3 38. Qxg6+ 1-0

[Event "Indywidualne Mistrzostwa Polski Juniorek - D16"]
[Site "Szczyrk"]
[Date "2013-03-24"]
[Round "9.5"]
[White "Dadello, Aleksandra"]
[Black "Gora, Antonina"]
[Result "0-1"]
[WhiteTitle "I++"]
[BlackTitle "I++"]
[WhiteElo "1909"]
[BlackElo "1831"]

1. e4 c5 2. Nf3 d6 3. d4 cxd4 4. Qxd4 e6 5. Nc3 a6 6. Bg5 Qc7 7. O-O-O Bd7 8. Qe3
b5 9. Nd4 b4 10. Nce2 e5 11. Nb3 a5 12. Kb1 a4 13. Nd2 Na6 14. Nc1 Nc5 15. f4
h6 16. Bh4 exf4 17. Qf3 Rc8 18. Bc4 Ne6 19. Ne2 g5 20. Bf2 Nf6 21. Nd4 Nxd4 22.
Bxd4 Be7 23. h4 Rg8 24. Rde1 Ng4 25. hxg5 Bxg5 26. e5 Kf8 27. e6 Bxe6 28. Bxe6
Qxc2+ 29. Ka1 fxe6 30. Qxg4 Qxd2 31. Qxe6 Qxd4 32. Qxc8+ Kg7 33. Qd7+ Kh8 34.
Qe6 Qg7 35. Qxd6 a3 36. Qxb4 axb2+ 37. Kb1 Bf6 38. Qxf4 Bg5 39. Qe4 Rc8 40. a4
Qc3 41. Qe5+ Qxe5 42. Rxe5 Rc1+ 43. Kxb2 Rxh1 44. Re6 Rh4 45. a5 Ra4 46. a6 Kg7
47. Kb3 Ra5 48. Kb4 Bd2+ 49. Kc4 Kf7 50. Rd6 Bf4 51. Kb4 Bxd6+ 52. Kxa5 Bc5 53.
Kb5 Ba7 54. Kc4 Ke6 55. Kc3 Kf5 56. Kc4 Ke4 57. Kc3 Kf4 58. Kd3 Bb6 59. Kc4 Kg3
60. Kd5 Kxg2 0-1

[Event "Indywidualne Mistrzostwa Polski Juniorek - D16"]
[Site "Szczyrk"]
[Date "2013-03-24"]
[Round "9.6"]
[White "Burakowska, Gabriela"]
[Black "Wojna, Ewelina"]
[Result "1-0"]
[WhiteTitle "I"]
[BlackTitle "II+"]
[WhiteElo "1648"]
[BlackElo "1572"]

1. d4 d5 2. c4 e6 3. Nc3 Nf6 4. Bg5 Be7 5. e3 O-O 6. Nf3 b6 7. Bd3 dxc4 8. Bxc4
Bb7 9. O-O Nbd7 10. Qe2 Nd5 11. Bxe7 Qxe7 12. e4 Nxc3 13. bxc3 c5 14. Nd2 Rac8
15. f4 Nf6 16. Rac1 Rfd8 17. e5 Nd5 18. Ne4 Rf8 19. f5 exf5 20. Nd6 Rcd8 21. Nxf5
Qg5 22. Bxd5 Rxd5 23. h4 Qd8 24. c4 Rxd4 25. Nxd4 Qxd4+ 26. Qf2 Qxe5 27. Rce1
Qd6 28. Rd1 Qe6 29. Rc1 Ba6 30. Rfe1 Qd6 31. Rcd1 Qc6 32. Qe2 Bb7 33. Rd2 h6 34.
Qe7 Rc8 35. Ree2 Ba6 36. Rd8+ Rxd8 37. Qxd8+ Kh7 38. Qd3+ g6 39. Qc3 Bb7 40. Rf2
Kg8 41. Rd2 Kh7 42. Qe5 a6 43. Qe7 Kg7 44. Rf2 Qe6 45. Qxb7 Qe1+ 46. Rf1 Qe3+
47. Kh1 Qe6 48. Qd5 Qe7 49. g3 b5 50. Kg2 bxc4 51. Qxc4 Kh7 52. Qc3 a5 53. Qf6
1-0

[Event "Indywidualne Mistrzostwa Polski Juniorek - D16"]
[Site "Szczyrk"]
[Date "2013-03-24"]
[Round "9.7"]
[White "Jedrocha, Katarzyna"]
[Black "Czaplewska, Klara"]
[Result "1-0"]
[WhiteTitle "I"]
[BlackTitle "I++"]
[WhiteElo "1668"]
[BlackElo "1730"]

1. e4 e5 2. Bc4 Nf6 3. Nc3 Be7 4. d3 c6 5. f4 exf4 6. Bxf4 Qb6 7. Qd2 Qxb2 8. Rb1
Qa3 9. Nf3 O-O 10. O-O b5 11. d4 bxc4 12. Rxb8 Rxb8 13. Bxb8 Bb4 14. Nb1 Bxd2
15. Nxa3 Be3+ 16. Kh1 Nxe4 17. Bxa7 Ba6 18. Rb1 Nc3 19. Rb6 Bb5 20. Rb7 d6 21.
Rd7 g6 22. Rxd6 Ra8 23. Rd7 Nxa2 24. Ne5 Bxd4 25. Bxd4 Rxa3 26. Rd8+ Kg7 27. Nxc4+
1-0

[Event "Indywidualne Mistrzostwa Polski Juniorek - D16"]
[Site "Szczyrk"]
[Date "2013-03-24"]
[Round "9.8"]
[White "Kozaczynska, Aleksandra"]
[Black "Bebnik, Malgorzata"]
[Result "1/2-1/2"]
[WhiteTitle "I"]
[BlackTitle "II+"]
[WhiteElo "1552"]
[BlackElo "1503"]

1. e4 e5 2. Nf3 Nc6 3. Bc4 Nf6 4. d3 Bc5 5. c3 O-O 6. Bb3 d5 7. Nbd2 Bg4 8. O-O
h6 9. h3 Bh5 10. Re1 Re8 11. Ba4 Bd6 12. Qb3 Na5 13. Qc2 Nc6 14. b4 dxe4 15. dxe4
Rf8 16. Bb2 a6 17. a3 Bg6 18. c4 Nd7 19. Bxc6 bxc6 20. c5 Be7 21. Nxe5 Nxe5 22.
Bxe5 Re8 23. Rad1 Qc8 24. Nc4 f5 25. Qc3 Bf8 26. exf5 Bxf5 27. Na5 Re6 28. Qb3
Kh8 29. Qf3 Rg6 30. Re3 Bc2 31. Rd2 Ba4 32. Red3 Rg5 33. Bg3 Qe6 34. Bxc7 Bxc5
35. bxc5 Rxc5 36. Rd8+ Rxd8 37. Rxd8+ Kh7 38. Qd3+ Rf5 39. Kh2 Bb5 40. Qc2 Qf7
41. g4 Qxc7+ 42. Kg2 Qxd8 43. Qxf5+ Kh8 44. Nb7 Qe7 1/2-1/2

[Event "Indywidualne Mistrzostwa Polski Juniorek - D16"]
[Site "Szczyrk"]
[Date "2013-03-24"]
[Round "9.9"]
[White "Kopica, Paulina"]
[Black "Bebel, Agnieszka"]
[Result "1-0"]
[WhiteTitle "I"]
[BlackTitle "II+"]
[WhiteElo "1706"]
[BlackElo "1507"]

1. e4 e5 2. Nf3 Nc6 3. Bc4 Bc5 4. b4 Bxb4 5. c3 Be7 6. d4 exd4 7. O-O d6 8. cxd4
Nf6 9. e5 dxe5 10. d5 e4 11. Qb3 Na5 12. Qa4+ c6 13. dxc6 O-O 14. cxb7 Bxb7 15.
Nfd2 Nxc4 16. Nxc4 Qc7 17. Bb2 a6 18. Be5 Qc6 19. Qb3 a5 20. Re1 Bb4 21. Rf1 Rfd8
22. Nba3 Rd3 23. Qb2 Nh5 24. Rac1 Qa6 25. g4 Qg6 26. Bg3 Nxg3 27. hxg3 Qg5 28.
Nc2 Qe7 29. a3 Bc3 30. Qb6 Bc8 31. N4e3 Ra6 32. Qb8 Rd8 33. Qb3 Be5 34. Qc4 Rh6
35. Rcd1 g6 36. Rxd8+ Qxd8 37. Qxe4 Qc7 38. Rb1 Ba6 1-0

[Event "Indywidualne Mistrzostwa Polski Juniorek - D16"]
[Site "Szczyrk"]
[Date "2013-03-24"]
[Round "9.10"]
[White "Jaskiewicz, Kamila"]
[Black "Wilk, Oktawia"]
[Result "0-1"]
[WhiteTitle "I"]
[BlackTitle "I"]
[WhiteElo "1663"]
[BlackElo "1506"]

1. Nf3 e6 2. c4 d5 3. e3 c5 4. Nc3 Nf6 5. b3 Nc6 6. Bb2 b6 7. d4 Bb7 8. cxd5 exd5
9. Ne5 cxd4 10. exd4 Bd6 11. Bb5 Rc8 12. O-O O-O 13. Re1 Qc7 14. Nxc6 Bxc6 15.
Bxc6 Qxc6 16. Rc1 Qd7 17. h3 Rfe8 18. Qf3 Bb4 19. a3 Rxe1+ 20. Rxe1 Bxc3 21. Bxc3
Ne4 22. Rc1 Rc6 23. Qe3 Nxc3 24. Rxc3 Rxc3 25. Qxc3 f6 26. f3 Kf7 27. Kf2 Ke7
28. a4 Kd8 29. Qd3 h6 30. Qc2 Qd6 31. Qh7 Qd7 32. Kg3 Qf7 33. Qh8+ Ke7 34. Qc8
Qg6+ 35. Kf2 Qf7 36. g4 Qe6 37. Qh8 Kf7 38. Qb8 Qe7 39. Qc8 a5 40. Qc6 Qd8 41.
Kg3 g5 42. f4 Ke7 43. Qb7+ Ke8 44. Qh7 Qd6 45. Qf5 Ke7 46. Kf3 Qe6 47. Qh7+ Kd6
48. Qc2 Qe1 49. Qd3 Qh1+ 50. Kg3 Qg1+ 51. Kf3 Qh2 52. Qf5 Qxh3+ 53. Kf2 Qh4+ 54.
Kf3 Qh1+ 55. Kf2 Qh2+ 56. Kf3 Qxf4+ 57. Qxf4+ gxf4 58. Kxf4 Ke6 59. Kf3 f5 60.
Kf4 fxg4 61. Kxg4 h5+ 62. Kxh5 Kf5 63. Kh4 Ke4 64. Kg4 Kxd4 65. Kf3 Kc3 66. Ke3
d4+ 67. Ke2 0-1

[Event "Indywidualne Mistrzostwa Polski Juniorek - D16"]
[Site "Szczyrk"]
[Date "2013-03-24"]
[Round "9.11"]
[White "Ziemba, Magdalena"]
[Black "Binkowska, Agata"]
[Result "1/2-1/2"]
[WhiteTitle "I"]
[BlackTitle "I"]
[WhiteElo "1537"]
[BlackElo "1637"]

1. d4 d5 2. c4 c6 3. Nf3 Nf6 4. Nc3 Bf5 5. Bg5 e6 6. e3 Be7 7. Rc1 Nbd7 8. cxd5
exd5 9. Bd3 Ne4 10. Bxe7 Qxe7 11. O-O O-O 12. Qc2 Bg6 13. Nd2 f5 14. Rce1 Rae8
15. f3 Nxd2 16. Qxd2 Rf6 17. e4 fxe4 18. fxe4 dxe4 19. Bxe4 Bxe4 20. Rxe4 Ref8
21. Rxf6 Qxf6 22. Qe2 Nb6 23. h3 Qd8 24. Qg4 Nd7 25. Qe6+ Kh8 26. Qe7 Nf6 27.
Qxd8 Rxd8 28. Re7 Rb8 29. Kf2 Kg8 30. Ke3 Kf8 31. Re5 Kf7 32. d5 cxd5 33. Nxd5
a6 34. Re7+ Kf8 35. Re5 Rc8 36. Nxf6 gxf6 37. Rd5 Rc2 38. Rd2 Rc7 39. Kf4 Kf7
40. Ke3 Kg6 41. Kf4 1/2-1/2

[Event "Indywidualne Mistrzostwa Polski Juniorek - D16"]
[Site "Szczyrk"]
[Date "2013-03-24"]
[Round "9.12"]
[White "Kasperek, Kinga"]
[Black "Rylska, Kamila"]
[Result "1/2-1/2"]
[WhiteTitle "I"]
[BlackTitle "II"]
[WhiteElo "1558"]
[BlackElo "1348"]

1. c4 e5 2. Nc3 Nf6 3. g3 Bb4 4. Bg2 O-O 5. e3 c6 6. Nge2 d5 7. cxd5 cxd5 8. d4
exd4 9. Nxd4 Nc6 10. O-O Bxc3 11. bxc3 Bg4 12. Qa4 Qd7 13. Nxc6 Qxc6 14. Qxc6
bxc6 15. Ba3 Rfe8 16. c4 Rac8 17. cxd5 Nxd5 18. Rac1 h6 19. Rc5 Be6 20. Rfc1 Ne7
21. R5c2 Bf5 22. Rb2 Nd5 23. Bc5 a6 24. a3 Be4 25. Bxe4 Rxe4 26. Bd4 Re7 27. Rbc2
Re6 28. Rc5 Nf6 29. Bxf6 Rxf6 30. Ra5 Ra8 31. e4 Re6 32. Rc4 Kf8 33. Kf1 Ke7 34.
Ke2 Kd6 35. Rac5 Kd7 36. Rf5 f6 37. Rfc5 Rb8 38. Ra5 Rb2+ 39. Ke3 Rb3+ 40. Ke2
Rb2+ 41. Ke3 Rb3+ 42. Ke2 Rb2+ 43. Ke3 Rb3+ 1/2-1/2

[Event "Indywidualne Mistrzostwa Polski Juniorek - D16"]
[Site "Szczyrk"]
[Date "2013-03-24"]
[Round "9.13"]
[White "Rogacka, Natalia"]
[Black "Burdzy, Joanna"]
[Result "1/2-1/2"]
[WhiteTitle "II+"]
[BlackTitle "I"]
[WhiteElo "1484"]
[BlackElo "1529"]

1. e4 e5 2. Nc3 Nf6 3. f4 d5 4. fxe5 Nxe4 5. Nf3 Be7 6. d3 Nxc3 7. bxc3 c5 8. d4
b6 9. Be2 O-O 10. O-O Nc6 11. Be3 c4 12. Qe1 Bf5 13. Bd1 Bg6 14. Qg3 Kh8 15. Bg5
Bxg5 16. Nxg5 Ne7 17. Nf3 Nf5 18. Qh3 h6 19. Rf2 Rb8 20. Nd2 Qg5 21. Nf1 b5 22.
a3 a5 23. Qg4 Qxg4 24. Bxg4 Ne7 25. Ne3 Kg8 26. Bf5 Bxf5 27. Nxf5 Nxf5 28. Rxf5
Rb7 29. Rf3 Rfb8 30. Rb1 b4 31. axb4 axb4 32. cxb4 Rxb4 33. Rxb4 Rxb4 34. c3 Rb3
35. h4 g6 36. Kh2 Kg7 37. Kh3 Rb1 38. Kh2 Re1 39. Kg3 Re2 40. Kh3 Re1 41. Kg3
Re2 1/2-1/2

[Event "Indywidualne Mistrzostwa Polski Juniorek - D16"]
[Site "Szczyrk"]
[Date "2013-03-24"]
[Round "9.14"]
[White "Skrzypczak, Edyta"]
[Black "Prokopowicz, Anna"]
[Result "1-0"]
[WhiteTitle "II+"]
[BlackTitle "I"]
[WhiteElo "1526"]
[BlackElo "1347"]

1. b4 d5 2. Bb2 Nf6 3. Nf3 c6 4. e3 Bg4 5. Be2 Nbd7 6. c4 e6 7. a3 a6 8. d3 c5
9. bxc5 Bxc5 10. d4 Be7 11. Nbd2 O-O 12. O-O Rc8 13. Ne5 Bf5 14. Qb3 Qb6 15. Rac1
Qxb3 16. Nxb3 Nb6 17. c5 Nbd7 18. c6 bxc6 19. Nxc6 Bd6 20. Nba5 Nb8 21. Nb7 Rxc6
22. Rxc6 Bxh2+ 23. Kxh2 Nxc6 24. Bxa6 Ne4 25. f3 Nd2 26. Rc1 Na7 27. Nd6 Bg6 28.
Rc7 Ra8 29. Bc3 Nc4 30. Bb4 h6 31. Bc5 Nxd6 32. Bxd6 Rd8 33. Bc5 Rb8 34. Rxa7
Rb3 35. a4 Rxe3 36. Bb5 Rb3 37. Rb7 Bd3 38. Bc6 Rc3 39. a5 Rc1 40. Rb6 Ra1 41.
Bb5 Bc2 42. a6 Ra5 43. Rb8+ Kh7 44. a7 1-0

[Event "Indywidualne Mistrzostwa Polski Juniorek - D16"]
[Site "Szczyrk"]
[Date "2013-03-24"]
[Round "9.15"]
[White "Rolka, Anna"]
[Black "Lapa, Aleksandra"]
[Result "0-1"]
[WhiteTitle "II"]
[BlackTitle "I"]
[WhiteElo "1491"]
[BlackElo "1549"]

1. d4 Nf6 2. Nf3 d6 3. e3 g6 4. Bd3 Bg7 5. O-O O-O 6. b3 c5 7. Bb2 Nc6 8. a3 Re8
9. c4 e5 10. dxe5 dxe5 11. Bc2 Bg4 12. h3 Qxd1 13. Bxd1 Bf5 14. Nc3 Rad8 15. Rc1
Bd3 16. Re1 e4 17. Nh2 a6 18. Nf1 Bxf1 19. Rxf1 Ne5 20. Bc2 Nd3 21. Bxd3 exd3
22. Rfd1 Ne4 23. Na4 Bh6 24. Rb1 d2 25. Nc3 Rd3 26. Nxe4 Rxe4 27. Ba1 b5 28. cxb5
axb5 29. Kf1 Re8 30. Ke2 Red8 31. g3 c4 32. bxc4 bxc4 33. Bd4 R3xd4 34. exd4 Rxd4
35. Rb4 Re4+ 36. Kf3 f5 37. Kg2 c3 38. Rb8+ Kf7 39. f4 c2 40. Rxd2 c1=Q 41. Rb7+
Re7 42. Rxe7+ Kxe7 43. Re2+ Kf6 44. a4 Qc6+ 45. Kh2 Qxa4 0-1

[Event "Indywidualne Mistrzostwa Polski Juniorek - D16"]
[Site "Szczyrk"]
[Date "2013-03-24"]
[Round "9.16"]
[White "Fraczek, Weronika"]
[Black "Sokolowska, Anna"]
[Result "1-0"]
[WhiteTitle "II+"]
[BlackTitle "I"]
[WhiteElo "1435"]
[BlackElo "1526"]

1. e4 c5 2. Nf3 Nc6 3. d4 cxd4 4. Nxd4 Qc7 5. Be3 Nf6 6. Nc3 e6 7. Be2 a6 8. O-O
Be7 9. f4 d6 10. Kh1 Nxd4 11. Bxd4 e5 12. Be3 exf4 13. Bxf4 O-O 14. Qe1 Be6 15.
Qg3 Kh8 16. Rad1 Rad8 17. Rd4 Qb6 18. Rd2 Qb4 19. a3 Qa5 20. Bxd6 Bxd6 21. Rxd6
Rxd6 22. Qxd6 Rd8 23. Qf4 Qb6 24. Na4 Qc6 25. Nc3 Qb6 26. Qc1 Qc6 27. Bf3 Qc5
28. Rd1 Re8 29. Qd2 Qc7 30. Qd6 Qc8 31. Qf4 Rf8 32. Qg3 Bg4 33. Rg1 Qe6 34. h3
Bh5 35. e5 Bxf3 36. gxf3 1-0

[Event "Indywidualne Mistrzostwa Polski Juniorek - D16"]
[Site "Szczyrk"]
[Date "2013-03-24"]
[Round "9.17"]
[White "Mielczarek, Joanna"]
[Black "Wicikowska, Agata"]
[Result "1-0"]
[WhiteTitle "I"]
[BlackTitle "I"]
[WhiteElo "1470"]
[BlackElo "1495"]

1. e4 c5 2. Nf3 Nc6 3. d4 cxd4 4. Nxd4 Nf6 5. Nc3 e5 6. Ndb5 d6 7. Bg5 a6 8. Na3
b5 9. Nd5 Qa5+ 10. Bd2 Qd8 11. Bg5 Qa5+ 12. Bd2 Qd8 13. Nxf6+ Qxf6 14. c4 Qg6
15. cxb5 Qxe4+ 16. Qe2 Qxe2+ 17. Bxe2 Nd4 18. Bd3 d5 19. Bc3 Bxa3 20. Bxd4 exd4
21. bxa3 axb5 22. Bxb5+ Bd7 23. a4 Ke7 24. Kd2 Rhb8 25. Rhb1 Ra7 26. Bxd7 Rxb1
27. Rxb1 Kxd7 28. Rb4 Kd6 29. Rxd4 Kc5 30. Kd3 Rb7 31. Rh4 h6 32. Kc3 Re7 33.
a3 Re2 34. Rf4 f6 35. h3 Ra2 36. Kb3 Re2 37. Rg4 g5 38. a5 d4 39. a6 Re6 40. a7
Ra6 41. Re4 Kd5 42. Re7 Kd6 43. Rb7 Kd5 44. Kb4 d3 45. a4 d2 46. Rd7+ Kc6 47.
Rxd2 Rxa7 48. Rc2+ Kb6 49. Re2 Rf7 50. Re6+ Kb7 51. a5 h5 52. Kb5 h4 53. a6+ Ka7
54. Rb6 Ka8 55. Kc5 f5 56. Kd5 g4 57. Ke5 gxh3 58. gxh3 Rg7 59. Kxf5 Rg2 60. Rb2
Ka7 61. Kf4 Kxa6 62. Kf3 Rg7 63. Rb4 Rf7+ 64. Kg2 Rg7+ 65. Rg4 Rh7 66. f4 Kb6
67. Kf3 Kc5 68. f5 Kd5 69. Kf4 Kd6 70. Kg5 Ke5 71. Kg6 Rh8 72. Kg7 Ra8 73. f6
Ra7+ 74. f7 Ke6 75. Rf4 Rb7 76. Kg8 Rb8+ 77. f8=Q 1-0